Programozás a gimnázium 3. osztálya számára : Pascal /
Uložené v:
| Hlavný autor: | |
|---|---|
| Médium: | Kniha |
| Jazyk: | Hungarian Slovak |
| Vydané: |
Bratislava :
Slovenské pedagogické nakladateľstvo,
1990
|
| Vydanie: | 1. vyd. |
| ISBN: |
8008005025 (brož.) |
| Fyzický popis: |
144 s. |
| Tagy: |
Pridať tag
Žiadne tagy, Buďte prvý kto otaguje tento záznam!
|
Titul je dostupný aj v ... 

MARC
| LEADER | 00000nam a2200000 a 4500 | ||
|---|---|---|---|
| 001 | 000258331 | ||
| 005 | 20060628163655.0 | ||
| 008 | 060628s1990 xo e 000 0 huno | ||
| 020 | |a 8008005025 (brož.) | ||
| 040 | |a SVKKK |b slo |c SVKKK |e AACR2 | ||
| 041 | 1 | |a hun |h slo | |
| 044 | |a xo |c SK | ||
| 100 | 1 | |a Molnár, Ľudovít |4 aut | |
| 245 | 1 | 0 | |a Programozás a gimnázium 3. osztálya számára : |b Pascal / |c Ľudovít Molnár |
| 250 | |a 1. vyd. | ||
| 260 | |a Bratislava : |b Slovenské pedagogické nakladateľstvo, |c 1990 | ||
| 300 | |a 144 s. | ||
| 919 | |a 80-08-00502-5 | ||
| 998 | |a BK | ||
| 090 | |g SCKHL |k Sklad Pribinova 3. posch. |a V.172749 |j 815450 |i 2720839281 |s Povinný výt. | ||